| 000 | 00633nam a22002057a 4500 | ||
|---|---|---|---|
| 005 | 20240212120341.0 | ||
| 010 | _aENG-139193 | ||
| 020 |
_c350.00 _a9789395422840 |
||
| 035 | _aEN-122725 | ||
| 037 | _bDBAD/PUB | ||
| 082 | _a181.499 | ||
| 100 |
_aSai, K Sathya _961899 |
||
| 245 |
_aSri Aurobindo's Savitri / _cK .Sathya Sai: _bLightHouse for the Wandering Humanity |
||
| 260 |
_aTamil Nadu _bShanlax Publications _c2023 |
||
| 270 |
_bTamil nadu _a61,62 TPK main road, Vasantha Nagar, Madurai _e625003 |
||
| 300 |
_a105p. _c22cm(pb) |
||
| 700 | _961889 | ||
| 700 | _961890 | ||
| 942 |
_2ddc _cEN _mSAI _h181.499 |
||
| 999 |
_c200657 _d200657 |
||